Probability and statistics / (Record no. 2610)

000 -LEADER
fixed length control field 01758cam a2200397 i 4500
001 - CONTROL NUMBER
control field 17449742
003 - CONTROL NUMBER IDENTIFIER
control field OSt
005 - DATE AND TIME OF LATEST TRANSACTION
control field 20160829162204.0
008 - FIXED-LENGTH DATA ELEMENTS--GENERAL INFORMATION
fixed length control field 120831s2013 nyua 001 0 eng
010 ## - LIBRARY OF CONGRESS CONTROL NUMBER
LC control number 2012948435
020 ## - INTERNATIONAL STANDARD BOOK NUMBER
International Standard Book Number 9780071795579 (pbk : acidfree paper)
020 ## - INTERNATIONAL STANDARD BOOK NUMBER
Cancelled/invalid ISBN 9780071795586 (basic e-book)
020 ## - INTERNATIONAL STANDARD BOOK NUMBER
Cancelled/invalid ISBN 9780071813907 (enhanced e-book)
040 ## - CATALOGING SOURCE
Original cataloging agency DLC
Language of cataloging eng
Transcribing agency DLC
Description conventions rda
042 ## - AUTHENTICATION CODE
Authentication code pcc
050 00 - LIBRARY OF CONGRESS CALL NUMBER
Classification number QA273.D35 2002
100 1# - MAIN ENTRY--PERSONAL NAME
Personal name DeGroot, Morris.
245 10 - TITLE STATEMENT
Title Probability and statistics /
Statement of responsibility, etc DeGroot H. Morris & Mark Schervish
250 ## - EDITION STATEMENT
Edition statement 3th edition.
260 ## - PUBLICATION, DISTRIBUTION, ETC. (IMPRINT)
Place of publication, distribution, etc Boston
Name of publisher, distributor, etc Addison Wesley
Date of publication, distribution, etc 2002
300 ## - PHYSICAL DESCRIPTION
Extent xv, 816pages :
Other physical details illustrations ;
Dimensions 28 cm.
490 0# - SERIES STATEMENT
Series statement Schaum's outlines
500 ## - GENERAL NOTE
General note Includes indexes.
504 ## - BIBLIOGRAPHY, ETC. NOTE
Bibliography, etc include index
505 0# - FORMATTED CONTENTS NOTE
Formatted contents note Part I: Probability -- Basic Probability -- Random Variables and Probability Distributions -- Mathematical Expectation -- Special Probability Distributions -- Part II: Statistics -- Sampling Theory -- Estimation Theory -- Tests of Hypotheses and Significance -- Curve Fitting, Regression, and Correlation -- Analysis of Variance -- Nonparametric Tests -- Bayesian Methods.
520 ## - SUMMARY, ETC.
Summary, etc A study-guide to probability and statistics that includes coverage of course concepts and 897 fully solved problems.
650 #0 - SUBJECT ADDED ENTRY--TOPICAL TERM
Topical term or geographic name as entry element Probabilities
Form subdivision Problems, exercises, etc.
650 #0 - SUBJECT ADDED ENTRY--TOPICAL TERM
Topical term or geographic name as entry element Probabilities
Form subdivision Outlines, syllabi, etc.
650 #0 - SUBJECT ADDED ENTRY--TOPICAL TERM
Topical term or geographic name as entry element Mathematical statistics
Form subdivision Problems, exercises, etc.
650 #0 - SUBJECT ADDED ENTRY--TOPICAL TERM
Topical term or geographic name as entry element Mathematical statistics
Form subdivision Outlines, syllabi, etc.
700 1# - ADDED ENTRY--PERSONAL NAME
Personal name Schervish J Mark
906 ## - LOCAL DATA ELEMENT F, LDF (RLIN)
a 7
b cbc
c origcop
d 2
e epcn
f 20
g y-gencatlg
942 ## - ADDED ENTRY ELEMENTS (KOHA)
Source of classification or shelving scheme
Koha item type Book
Holdings
Withdrawn status Lost status Source of classification or shelving scheme Damaged status Not for loan Home library Current library Shelving location Date acquired Total Checkouts Full call number Barcode Date last seen Date checked out Copy number Price effective from Koha item type
          Riara University Library Riara University Library General stack 09/08/2016 3 QA273.D35 2002 8041/16 24/11/2023 09/11/2023 C.1 09/08/2016 Book

Riara University Library,
P.O. Box 49940-00100,
Nairobi, Kenya.